| 000 | 00603nam a2200241Ia 4500 | ||
|---|---|---|---|
| 003 | OSt | ||
| 005 | 20221005132144.0 | ||
| 006 | a|||||r|||| 00| 0 | ||
| 007 | ta | ||
| 008 | 221004b |||||||| |||| 00| 0 tam d | ||
| 024 | _a46994 | ||
| 037 | _cTextual | ||
| 040 |
_aCRL _cCRL _btam |
||
| 041 |
_2tam _atam |
||
| 082 | _aN441J436, 31K7 | ||
| 100 |
_aRakhavan Au. _9640665 |
||
| 245 | 0 | _aThamizhaga savakak kalai thodarpugal | |
| 260 | _c1967 | ||
| 300 |
_a232p. _ccm. |
||
| 650 | _aARTS | ||
| 942 |
_hN441J436, 31K7 _cTEXL _2cc |
||
| 999 |
_c1062594 _d1062594 |
||